Guess the Movie by the Singer Who Appears In It - Statistics

General Stats
  • This quiz has been taken 40 times
  • The average score is 5 of 15
Answer Stats
Movie Singer % Correct
A Star is Born Lady Gaga
85%
The Lion King Beyonce
50%
Trolls Justin Timberlake
50%
Don't Worry Darling Harry Styles
41%
Amsterdam Taylor Swift
41%
Don't Look Up Ariana Grande
38%
Mamma Mia 2: Here We Go Again Cher
32%
Battle Ship Rihanna
32%
Cinderella Camilla Cabello
26%
Tangled Mandy Moore
26%
Shotgun Wedding Jennifer Lopez
24%
Hairspray Queen Latifah
18%
That's My Boy Vanilla Ice
9%
Bodied Eminem
6%
Instant Family Mark Whalberg
3%
No matching quizzes found
Score Distribution
Percent of People with Each Score
Percentile by Number Answered
Your Score History
You have not taken this quiz